Earth system history / (Record no. 14424)

MARC details
000 -LEADER
fixed length control field 01244cam a2200325 a 4500
001 - CONTROL NUMBER
control field 15304063
003 - CONTROL NUMBER IDENTIFIER
control field OSt
005 - DATE AND TIME OF LATEST TRANSACTION
control field 20211022144955.0
008 - FIXED-LENGTH DATA ELEMENTS--GENERAL INFORMATION
fixed length control field 080523s2009 nyuab 001 0 eng
010 ## - LIBRARY OF CONGRESS CONTROL NUMBER
LC control number 2008929724
020 ## - INTERNATIONAL STANDARD BOOK NUMBER
International Standard Book Number 9781429205207
020 ## - INTERNATIONAL STANDARD BOOK NUMBER
International Standard Book Number 1429205202
040 ## - CATALOGING SOURCE
Original cataloging agency DLC
Transcribing agency hu
Modifying agency DLC
050 00 - LIBRARY OF CONGRESS CALL NUMBER
Classification number QE28.3
Item number .S735 2009
082 ## - DEWEY DECIMAL CLASSIFICATION NUMBER
Classification number 551.7
100 1# - MAIN ENTRY--PERSONAL NAME
Personal name Stanley, Steven M.
9 (RLIN) 15082
245 10 - TITLE STATEMENT
Title Earth system history /
Statement of responsibility, etc. Steven M. Stanley.
250 ## - EDITION STATEMENT
Edition statement 3rd ed.
260 ## - PUBLICATION, DISTRIBUTION, ETC.
Place of publication, distribution, etc. New York :
Name of publisher, distributor, etc. W.H. Freeman,
Date of publication, distribution, etc. c2009.
300 ## - PHYSICAL DESCRIPTION
Extent xxi, 551 p. :
Other physical details ill. (some col.), col. maps ;
Dimensions 28 cm.
500 ## - GENERAL NOTE
General note Includes index.
650 #0 - SUBJECT ADDED ENTRY--TOPICAL TERM
Topical term or geographic name entry element Historical geology.
9 (RLIN) 15083
650 #0 - SUBJECT ADDED ENTRY--TOPICAL TERM
Topical term or geographic name entry element Physical geology.
9 (RLIN) 7914
856 41 - ELECTRONIC LOCATION AND ACCESS
Materials specified Table of contents only
Uniform Resource Identifier <a href="http://www.loc.gov/catdir/enhancements/fy1009/2008929724-t.html">http://www.loc.gov/catdir/enhancements/fy1009/2008929724-t.html</a>
856 42 - ELECTRONIC LOCATION AND ACCESS
Materials specified Publisher description
Uniform Resource Identifier <a href="http://www.loc.gov/catdir/enhancements/fy1009/2008929724-d.html">http://www.loc.gov/catdir/enhancements/fy1009/2008929724-d.html</a>
906 ## - LOCAL DATA ELEMENT F, LDF (RLIN)
a 7
b cbc
c origcop
d 3
e ocip
f 20
g y-gencatlg
942 ## - ADDED ENTRY ELEMENTS (KOHA)
Source of classification or shelving scheme Dewey Decimal Classification
Koha item type Books like text book referance book
Suppress in OPAC No
Holdings
Withdrawn status Lost status Source of classification or shelving scheme Damaged status Not for loan Collection code Home library Current library Shelving location Date acquired Total Checkouts Full call number Barcode Date last seen Copy number Price effective from Koha item type
    Dewey Decimal Classification     Non-fiction Wondo Genet Library Wondo Genet Library General Stacks 10/22/2021   551.7 STA 2009 WGCFNRL00005716 10/22/2021 1 10/22/2021 Books like text book referance book
    Dewey Decimal Classification     Non-fiction Wondo Genet Library Wondo Genet Library General Stacks 10/22/2021   551.7 STA 2009 WGCFNRL00005722 10/22/2021 2 10/22/2021 Books like text book referance book